000 00262nam a2200121Ia 4500
008 190216s9999||||xx |||||||||||||| ||und||
100 _aRamakrishnan T S
245 0 _aDiseases Of Rice
260 _bNull
_c1971
300 _a153p
650 _aBotany
942 _cBK
999 _c1228
_d1228